| 000 | 00625nam a2200193 a 4500 | ||
|---|---|---|---|
| 001 | 5737 | ||
| 003 | CO-ViMGA | ||
| 008 | 141112s2004 ck r 000 u spa d | ||
| 020 | _a8476951396 | ||
| 040 |
_aCO-ViMGA _bspa _cCO-ViMGA |
||
| 082 | 0 | 4 | _a346.007 D371 |
| 100 | 1 |
_aDesantes Real, Manuel _94212 |
|
| 245 | 1 | 0 |
_aLas Obligaciones Contractuales Internacionales en Moneda Extranjera Problemas Relativas al Ambito de la Ley Aplicable / _cManuel Desantes Real |
| 260 |
_aMadrid : _bLa ley, _c1994 |
||
| 300 | _a258 p | ||
| 650 | 1 | 4 |
_aDEUDAS - LEGISLACION _94213 |
| 650 | 1 | 4 |
_aOBLIGACIONES CONTRACTUALES _94214 |
| 942 |
_2ddc _cBK |
||
| 999 |
_c17718 _d17718 |
||